Israel y los árabes

Salvato in:
Dettagli Bibliografici
Autore principale: Regan, Geoffrey (Autore)
Natura: Libro
Lingua:spagnolo
Pubblicazione: Madrid Akal 1992
Serie:Historia del Mundo para Jóvenes
Soggetti:
Tags: Aggiungi Tag
Nessun Tag, puoi essere il primo ad aggiungerne!!

MARC

LEADER 00000nam a2200000 a 4500
001 UCS2347
003 CL-VaPUC
008 970523e19920000SP |||||||||||||||||spa|d
082 0 4 |a 956.94  |b REG  |2 21 
100 0 |a Regan, Geoffrey  |e author  |9 387690 
245 1 0 |a Israel y los árabes 
300 |a 48 p 
942 |c BK 
945 |d 19970523 00:00:00  |a amoreno 
260 |a Madrid  |b Akal  |c 1992 
650 0 |a Arabismo  |9 387691 
650 0 |a Judíos  |9 313771 
650 0 |a Segunda Guerra Mundial  |9 325982 
650 0 |a Estado  |9 255503 
650 0 |a Paz  |9 259242 
650 7 |a NACIONALISMO  |2 CL-VaPUC  |9 387692 
650 7 |a CONFLICTOS INTERNACIONALES  |2 CL-VaPUC  |9 334143 
651 0 |a Oriente medio  |9 357080 
651 0 |a Egipto   |9 268199 
651 0 |a Israel  |9 314378 
651 0 |a Palestina  |9 324189 
651 0 |a Europa  |9 255156 
651 7 |a ARABIA  |2 CL-VaPUC  |9 334867 
583 |a last modification  |c 19970523 00:00:00  |k Rodrigo Vera 
490 0 |a Historia del Mundo para Jóvenes 
999 |c 260317  |d 260315 
952 |0 0  |1 0  |4 0  |6 956_940000000000000_REG_1992  |7 0  |8 A  |9 286314  |a BIBHIS  |b BIBHIS  |d 2019-11-19  |i 3308405  |o 956.94 REG 1992  |p 3308405  |r 2025-01-20  |w 2019-11-19  |y BK  |k HIS